| 000 | 01780nam a2200529 i 4500 | ||
|---|---|---|---|
| 001 | 39474 | ||
| 003 | KOSZ 005 | ||
| 005 | 20220112142747.0 | ||
| 008 | 010511s1998 pl a f |001 0 pol | ||
| 015 | _aPB 2001/7975 | ||
| 020 | _a8385428364 | ||
| 035 | _a991016124099705066 | ||
| 035 | _a(PL-WaBN)b14328914-48omnis_nlop | ||
| 035 | _ab14328914 | ||
| 035 | _a(OCoLC)749602601 | ||
| 035 | _a(PL)b0000001432891 | ||
| 035 | _a(EXLNZ-48OMNIS_NETWORK)9910123993705606 | ||
| 040 |
_aWA N _cWA N _dKOSZ 005/HR |
||
| 041 | 1 |
_apol _hger |
|
| 046 | _k1995 | ||
| 080 | _a005.6 | ||
| 080 | _a658.56 | ||
| 080 | _a(07) | ||
| 100 | 1 |
_aSteinbeck, Hans H. _eAutor |
|
| 245 | 1 | 0 |
_aTotal Quality Management : _bkompleksowe zarządzanie jakością / _cHans H. Steinbeck ; [tł. Ewa Schauz]. |
| 246 | 1 |
_iTyt. oryg.: _aNeue Total Quality Management |
|
| 260 |
_aWarszawa : _b"Placet", _c1998. |
||
| 300 |
_a230 s. : _bil. ; _c24 cm. |
||
| 336 |
_2rdacontent _aTekst _btxt |
||
| 337 |
_2rdamedia _aBez urządzenia pośredniczącego _bn |
||
| 338 |
_2rdacarrier _aWolumin _bnc |
||
| 380 | _aKsiążki | ||
| 380 | _aPublikacje fachowe | ||
| 388 | _a1901-2000 | ||
| 388 | _a1989-2000 | ||
| 490 | 1 | _aBiblioteka Biznesmena | |
| 500 | _aTyt. oryg.: "Das neue Total Quality Management" 1995. - Na okł. podtyt.: doświadczenia praktyczne z IBM Niemcy. | ||
| 504 | _aBibliogr., akty prawne. - Indeks. | ||
| 650 | 7 | _aZarządzanie jakością | |
| 655 | 7 |
_aPodręcznik _2DBN |
|
| 658 | _aZarządzanie i marketing | ||
| 700 | 1 |
_aSchauz, Ewa _eTłumaczenie |
|
| 830 | 0 | _aBiblioteka Biznesmena | |
| 856 |
_uhttp://koha.tu.koszalin.pl/cgi-bin/koha/opac-detail.pl?biblionumber=39474 _yKatalog online BPK |
||
| 942 |
_2UKD _cKS |
||
| 999 |
_c39474 _d39474 |
||